| 000 | | | 05619cac2a2200000 x 450 |
| 001 | | | b05c6c21-c716-4371-bb4b-71b9a1ddbd87 |
| 005 | | | 20160526142656.0 |
| 100 | ## | $a | 20160210l19121912k l0rusy0189 ca |
| 101 | 0# | $a | rus |
| 102 | ## | $a | RU |
| 200 | 1# | $a | Преподобный Павел Обнорский - поборник трезвости |
| | $e | (память его - 10 января) |
| | $f | А. Воскресенский |
| 251 | ## | $c | Дело |
| 801 | #0 | $a | RU |
| | $b | РГИА |
| | $c | 20160210 |
| | $g | RCR |
| 801 | #1 | $a | RU |
| | $b | ГлавНИВЦ |
| | $c | 20160210 |
| | $2 | rusmarc |
| 801 | #2 | $a | RU |
| | $b | ПБ им. Б.Н. Ельцина |
| | $c | 20160331 |
| | $g | RCR |
| | $2 | rusmarc |
| 850 | ## | $a | РГИА |
| 852 | ## | $a | РГИА |
| | $e | Федеральное казенное учреждение "Российский государственный исторический архив" (РГИА) |
| | $j | 277 |
| 937 | ## | $h | РГИА |
| | $d | 12201004 |
| | $a | ASBIBLIO_SCAN |
| 215 | ## | $a | 9 с. |
| | $d | 17х12 см |
| 105 | ## | $a | y### |
| 122 | 0# | $a | d |
| 210 | 1# | $a | Вологда |
| | $c | Издание Павло-Обнорского монастыря |
| | $d | 1912 |
| | $g | Типография н-в А. В. Гудкова-Белякова |
| 461 | #0 | $1 | 0012640edd5-2044-417d-b282-4ec02c959e00 |
| | $1 | 2001 |
| | $a | Дублетный фонд НСБ |
| | $1 | 251 |
| | $c | Фонд |
| | $1 | 852 |
| | $j | 0 |
| 462 | #0 | $1 | 00101f3c915-c163-4bd9-8823-fd1c871481a4 |
| | $1 | 2001 |
| | $a | Дублетный фонд Библиотеки |
| | $v | Д. 277 |
| | $1 | 251 |
| | $c | Опись |
| | $1 | 852 |
| | $j | 1 |
| | $l | Д |
| 035 | ## | $a | b05c6c21-c716-4371-bb4b-71b9a1ddbd87 |
| 600 | #0 | $a | Павел Комельский |
| | $f | 1317 - 1429 |
| | $2 | prlib_sh |
| | $3 | LIBNET\UAF\0000062795 |
| 605 | ## | $2 | acquisition_Prlib |
| | $3 | DITM\AF\0000003834 |
| | $a | Народ |
| | $l | коллекция |
| 605 | ## | $2 | acquisition_prlib |
| | $3 | LIBNET\UAF\0000061920 |
| | $a | Синод в истории российской государственности |
| | $l | коллекция |
| 606 | 1# | $2 | nlr_sh |
| | $3 | RU\NLR\AUTH\66538 |
| | $a | Жития святых русские |
| 686 | ## | $2 | rubbk |
| | $a | 86.372.24-43 |
| | $v | LBC/M |
| 686 | ## | $2 | rubbk |
| | $a | 86.37-3,8 |
| | $v | LBC/M |
| 701 | #1 | $3 | LIBNET\UAF\0000062991 |
| | $4 | 070 |
| | $a | Воскресенский |
| | $b | А. К. |
| | $c | духовный писатель |
| | $f | 1871-? |
| | $g | Алексей Константинович |
| 300 | ## | $a | Без титульного листа. Описано по обложке |
| 712 | 02 | $3 | RU\NLR\AUTH\8810138404 |
| | $4 | 650 |
| | $a | Свято-Троицкий Павло-Обнорский мужской монастырь |
| | $c | Вологодская губерния |
| 856 | 4# | $u | http://www.prlib.ru/Lib/pages/item.aspx?itemid=138233 |